| 000 | 00576nam a22001817a 4500 | ||
|---|---|---|---|
| 999 |
_c16174 _d16174 |
||
| 003 | AR-CdUCM | ||
| 008 | 190427b ||||| |||| 00| 0 spa d | ||
| 040 |
_aMUNICIPALIDAD PROVINCIAL DEL CUSCO _cBIBLIOTECA MUNICIPAL DEL CUSCO |
||
| 082 |
_aEP / 398 / _bC34 |
||
| 100 |
_aCastillo Espinoza, Miguel. _935460 |
||
| 245 |
_aLlaki Qunqachi / _aDisipador de penas / |
||
| 260 |
_aLima : _bPuka & Yurac, _c2011. |
||
| 300 |
_a15 páginas ; _c27 cm. _bIlustraciones, |
||
| 650 |
_aLectura _92069 |
||
| 650 |
_aLengua quechua _97426 |
||
| 942 |
_2ddc _cLIBROS |
||
| 945 |
_arum1 _d2019-05-02 |
||